<?xml version="1.0" encoding="UTF-8"?>
<record
    xmlns:xsi="http://www.w3.org/2001/XMLSchema-instance"
    xsi:schemaLocation="http://www.loc.gov/MARC21/slim http://www.loc.gov/standards/marcxml/schema/MARC21slim.xsd"
    xmlns="http://www.loc.gov/MARC21/slim">

  <leader>00986nab a2200217 i 4500</leader>
  <controlfield tag="001">190386</controlfield>
  <controlfield tag="003">ES-MaACL</controlfield>
  <controlfield tag="005">20250704062551.0</controlfield>
  <controlfield tag="008">210120s1996    sp            000 0 spa d</controlfield>
  <datafield tag="100" ind1="1" ind2=" ">
    <subfield code="a">Mallo, Tom&#xE1;s</subfield>
    <subfield code="9">75818</subfield>
  </datafield>
  <datafield tag="245" ind1="1" ind2="3">
    <subfield code="a">El impacto del 98 en Am&#xE9;rica y Europa : </subfield>
    <subfield code="b">&#xE9;tica y pol&#xED;tica a finales del siglo XIX : el Ateneo de Madrid ante el 98 / </subfield>
    <subfield code="c">Tom&#xE1;s Mallo Guti&#xE9;rrez.</subfield>
  </datafield>
  <datafield tag="610" ind1="2" ind2="4">
    <subfield code="a">Ateneo de Madrid-</subfield>
    <subfield code="v">Historia</subfield>
    <subfield code="9">1925</subfield>
  </datafield>
  <datafield tag="651" ind1=" " ind2="4">
    <subfield code="a">Espa&#xF1;a-</subfield>
    <subfield code="x">Historia-</subfield>
    <subfield code="y">1898</subfield>
    <subfield code="9">8272</subfield>
  </datafield>
  <datafield tag="710" ind1="2" ind2=" ">
    <subfield code="a">Fundaci&#xF3;n Gustavo Bueno.</subfield>
    <subfield code="9">227011</subfield>
  </datafield>
  <datafield tag="740" ind1="3" ind2="2">
    <subfield code="a">El Ateneo de Madrid ante el 98.</subfield>
  </datafield>
  <datafield tag="773" ind1="0" ind2=" ">
    <subfield code="w">(SpMaBN)193439</subfield>
    <subfield code="0">(SpMaBN)193439</subfield>
    <subfield code="9">2854</subfield>
    <subfield code="t">El Basilisco : revista de filosof&#xED;a, ciencias humanas, teor&#xED;a de la ciencia y de la cultura,</subfield>
    <subfield code="d">Oviedo : Fundaci&#xF3;n Gustavo Bueno, </subfield>
    <subfield code="x">ISSN 0210-0088,</subfield>
    <subfield code="g">1996, n. 21, p. 49-51</subfield>
  </datafield>
  <datafield tag="856" ind1=" " ind2=" ">
    <subfield code="u">https://filosofia.org/rev/bas/bas22119.htm</subfield>
    <subfield code="y">Texto completo</subfield>
  </datafield>
  <datafield tag="942" ind1=" " ind2=" ">
    <subfield code="c">ANAB</subfield>
    <subfield code="2">udc</subfield>
  </datafield>
  <datafield tag="999" ind1=" " ind2=" ">
    <subfield code="c">190386</subfield>
    <subfield code="d">190386</subfield>
  </datafield>
</record>
